000 01113cam a22003373a 4500
001 21065
003 PGUSA
005 20140828083440.0
008 070413s2007||||xxu|||||s|||||000 1 eng d
040 _aPGUSA
_beng
042 _adc
050 4 _aPZ
100 1 _aCollingwood, Harry,
_d1851-1922
245 1 4 _aThe Log of a Privateersman
_h[electronic resource] /
_cHarry Collingwood
260 _bProject Gutenberg,
_c2007
506 _aPublic domain in the USA.
516 _aElectronic text
653 _aSeafaring life -- Juvenile fiction
653 _aPrisoners -- Juvenile fiction
653 _aConduct of life -- Juvenile fiction
653 _aGreat Britain -- History, Naval -- 19th century -- Juvenile fiction
653 _aPrivateering -- Juvenile fiction
653 _aAdventure stories
653 _aSailors -- Juvenile fiction
653 _aVoyages and travels -- Juvenile fiction
653 _aOrphans -- Juvenile fiction
700 1 _aRainey, W.
_q(William),
_d1852-1936
830 0 _aProject Gutenberg
_v21065
856 4 0 _uhttp://www.gutenberg.org/ebooks/21065
942 _cEB
999 _c250320
_d250320